000 00288nam a2200121Ia 4500
008 221030s9999 xx 000 0 und d
041 _aEnglish
100 _aR C Gonzalez
245 0 _aDigital Image Processing Using MATLAB
_cby R C Gonzalez
260 _c0
650 _aMc
942 _cBK
999 _c14633
_d14633